000 01055nam2a2200253 4500
001 RU\NLR\BIBL_A\012456374
005 20210301133400.0
010 _a978-5-88570-454-0
_920
021 _aRU
_bКН-П-20-065009
_9КН-П-20-4883
035 _a(NLR Aleph) 012456374
035 _a(RuMoRGB)010454475
090 _a12001496
_c12001496
100 _a20210218d2020 u y0rusy50 ca
101 0 _arus
102 _aRU
105 _ay|||z|||000ay
200 1 _aНе потеряй свой путь
210 _d2020
215 _a287, [1] с.
461 0 _1001RU\NLR\BIBL_A\012456356
_12001#$aТри жизни$eтрилогия$e[роман]$fРоташнюк Н.В.$vКн. 1
_1700#1$aРоташнюк$bН. В.$gНаталья Викторовна
_912001406
_aРоташнюк, Н. В.
_cХабаровск
_d2020
_fРоташнюк Н.В.
_nХабаровская краевая типография
_oтрилогия : [роман]
_tТри жизни
_vКн. 1
942 _cBOOK
980 _aNB